000 00801nam a2200205 a 4500
001 000026106
005 20200930024316.0
008 110301s1970 ve r 000 0 spa d
040 _aDO-SdBNP
_bspa
_cBNPHU
041 1 7 _aspa
_hger
_2Código de idiomas MARC
082 _ann*
_bnn*
100 1 _aJungk, Robert.
_953044
240 1 0 _aMenschen im jahr 2000.
_lEspañol
245 1 3 _aLa humanidad del año 2000 :
_buna visión panorámica de los futuros posibles. Con 20 contribuciones de cientificos conocidos internacionalmente /
_cRobert Jungk ; traducción de Luis García Villafañe.
260 _aCaracas, Venezuela :
_bMonte Avila,
_c1970.
300 _a351 p. ;
_c20 cm.
534 _aTítulo original :
_tMenschen im jahr 2000
700 1 _aGarcía Villafañe. Luis,
_etr.
_953045
049 _aBNGR
999 _c25598
_d25598